书目信息 |
| 题名: |
梦溪笔谈
|
|
| 作者: | 沈括 | |
| 分册: | ||
| 出版信息: | 长春 吉林出版集团有限责任公司 2010.12 |
|
| 页数: | 299页 | |
| 开本: | 28cm | |
| 丛书名: | ||
| 单 册: | ||
| 中图分类: | Z429.441 | |
| 科图分类: | ||
| 主题词: | 文集--中国 , 全集--中国 , 选集--中国 | |
| 电子资源: | ||
| ISBN: | 7-5463-4351-8 | |
| 000 | 00614nam0 2200217 450 | |
| 001 | 1460566947 | |
| 005 | 20140402170151.26 | |
| 010 | @a7-5463-4351-8@dCNY18.80 | |
| 100 | @a20140402d2010 km y0chiy0120 ea | |
| 101 | 0 | @achi |
| 102 | @aCN@b220000 | |
| 200 | 1 | @a梦溪笔谈@Ameng xi bi tan@f(北宋)沈括@F(bei song)shen kuo |
| 210 | @a长春@c吉林出版集团有限责任公司@d2010.12 | |
| 215 | @a299页@d28cm | |
| 606 | 0 | @a文集@x中国 |
| 606 | 0 | @a全集@x中国 |
| 606 | 0 | @a选集@x中国 |
| 690 | @aZ429.441@v4 | |
| 701 | 0 | @a沈括@Ashen kuo |
| 801 | 0 | @aCN@b大连网信软件有限公司图书馆·11@c20140402 |
| 905 | @aZUCC@dZ429.441@eB673 | |
| 梦溪笔谈/(北宋)沈括.-长春:吉林出版集团有限责任公司,2010.12 |
| 299页;28cm |
| ISBN 7-5463-4351-8:CNY18.80 |
| ● |
| 相关链接 |
|
|
|
正题名:梦溪笔谈
索取号:Z429.441/B673
 
预约/预借
| 序号 | 登录号 | 条形码 | 馆藏地/架位号 | 状态 | 备注 |
| 1 | 492760 | 204927605 | 自科库501/501自科库 131排2列1层/ [索取号:Z429.441/B673] | 在馆 |